Introducción a la economía positiva (Registro nro. 1084)

Detalles MARC
000 -LEADER
fixed length control field 01326 a2200229 4500
001 - CONTROL NUMBER
control field 23020
005 - DATE AND TIME OF LATEST TRANSACTION
control field 20260407155520.0
008 - FIXED-LENGTH DATA ELEMENTS--GENERAL INFORMATION
fixed length control field 260407a1985 arg spa d
003 - CONTROL NUMBER IDENTIFIER
control field AR-UNSa-BCEJYS
040 ## - CATALOGING SOURCE
Original cataloging agency AR-UNSa-BCEJYS
Language of cataloging spa
Transcribing agency AR-UNSa-BCEJYS
080 ## - UNIVERSAL DECIMAL CLASSIFICATION NUMBER
Universal Decimal Classification number 330
Common auxiliary subdivision Economía en general
100 1# - MAIN ENTRY--PERSONAL NAME
Personal name Lipsey, Richard G.
245 10 - TITLE STATEMENT
Title Introducción a la economía positiva
250 ## - EDITION STATEMENT
Edition statement 11 ed.
264 #1 - PRODUCTION, PUBLICATION, DISTRIBUTION, MANUFACTURE, AND COPYRIGHT NOTICE
Place of production, publication, distribution, manufacture Barcelona :
Name of producer, publisher, distributor, manufacturer Vicens-Vives
Date of production, publication, distribution, manufacture, or copyright notice 1985
300 ## - PHYSICAL DESCRIPTION
Extent xxxvii, 1016 p.
Dimensions 22 cm.
505 ## - FORMATTED CONTENTS NOTE
Formatted contents note Parte I: Objeto y método - Parte II: Teoría elemental del precio - Parte III: Teoría de la demanda - Parte IV: Teoria intermedia de la oferta - Parte V: Teoría de la distribución - Parte VI: Comercio Internacional - Parte VII: Politica Microeconomica - Parte VIII: Determinación de la renta nacional con el tipo de interés y el nivel de precios fijos - Parte IX: Determinación de la renta nacional con el tipo de interés variable y el nivel de precios fijo: integración del dinero en la teoría de la renta nacional - Parte X: Determinación de la renta nacional con el tipo de interés y el nivel de precios variables - Parte XI: Algunos problemas de la teoría y la política económicas.
590 ## - LOCAL NOTE (RLIN)
Local note niveau_biblio:m niveau_hierar:0
700 1# - ADDED ENTRY--PERSONAL NAME
Personal name Aguiló, Eugeni
700 1# - ADDED ENTRY--PERSONAL NAME
Personal name Menduiña, Antonio
942 ## - ADDED ENTRY ELEMENTS (KOHA)
Koha item type
Existencias
Withdrawn status Lost status Damaged status Not for loan Home library Current library Shelving location Date acquired Total checkouts Full call number Barcode Date last seen Price effective from Koha item type
        Biblioteca Prof. Eusebio Cleto del Rey Biblioteca Prof. Eusebio Cleto del Rey   07/04/2026   330 L767 11ed. L26301 07/04/2026 07/04/2026 Libro
        Biblioteca Prof. Eusebio Cleto del Rey Biblioteca Prof. Eusebio Cleto del Rey   07/04/2026   330 L767 11ed. L53388 07/04/2026 07/04/2026 Libro